| 000 -LEADER |
| fixed length control field |
00447nam a2200169Ia 4500 |
| 003 - CONTROL NUMBER IDENTIFIER |
| control field |
OSt |
| 005 - DATE AND TIME OF LATEST TRANSACTION |
| control field |
20251231110141.0 |
| 008 - FIXED-LENGTH DATA ELEMENTS--GENERAL INFORMATION |
| fixed length control field |
250310s9999||||xx |||||||||||||| ||und|| |
| 040 ## - CATALOGING SOURCE |
| Transcribing agency |
IMU- KC |
| 082 ## - DEWEY DECIMAL CLASSIFICATION NUMBER |
| Classification number |
796.35808 |
| Item number |
F497 |
| 100 ## - MAIN ENTRY--PERSONAL NAME |
| 9 (RLIN) |
6402 |
| Personal name |
Fingleto,Jack |
| 245 #0 - TITLE STATEMENT |
| Title |
Fingleton on Cricket by |
| Statement of responsibility, etc. |
Jack Fingleton |
| 260 ## - PUBLICATION, DISTRIBUTION, ETC. |
| Place of publication, distribution, etc. |
London : |
| Name of publisher, distributor, etc. |
Alden & Mowbray Ltd, |
| Date of publication, distribution, etc. |
1972 |
| 300 ## - PHYSICAL DESCRIPTION |
| Extent |
xii + 268 p. |
| 650 #0 - SUBJECT ADDED ENTRY--TOPICAL TERM |
| 9 (RLIN) |
4807 |
| Topical term or geographic name entry element |
English Fiction |
| 942 ## - ADDED ENTRY ELEMENTS (KOHA) |
| Koha item type |
Books |
| Source of classification or shelving scheme |
|